[Event "HCL-C116"]
[Site "www.playchess.de"]
[Date "2000.11.30"]
[Round "6"]
[White "lulu"]
[Black "O_Man"]
[WhiteElo "1194"]
[BlackElo "1083"]
[PlyCount "95"]
[Result "1-0"]

1.e4 e5 2.Bc4 d6 3.Nc3 Nf6 4.Nf3 h6 5.d4 exd4 
6.Nxd4 c5 7.Nf5 Nxe4 8.Nxe4 Bxf5 9.Qe2 Be7 10.Bd5 
Nc6 11.Bxc6+ bxc6 12.O-O d5 13.Ng3 Be6 14.Re1 Qd6 
15.Qf3 g6 16.Bd2 h5 17.Bf4 Qd7 18.Be5 Bg4 19.Qa3 
O-O 20.h3 Bxh3 21.gxh3 Qxh3 22.Nf1 Qf5 23.Qd3 Qd7 
24.c4 h4 25.b3 Qg4+ 26.Kh1 h3 27.Qg3 Qh5 28.Re3 
dxc4 29.bxc4 Rfe8 30.Qxh3 Bh4 31.Bg3 Rxe3 32.Nxe3 
g5 33.Bxh4 gxh4 34.Qg4+ Qxg4 35.Nxg4 Kg7 36.Rg1 
Kg6 37.Ne5+ Kf6 38.Nxc6 Re8 39.f3 Kf5 40.a4 Re3 
41.Rf1 Kf4 42.Kg2 h3+ 43.Kxh3 Rxf3+ 44.Rxf3+ Kxf3 
45.Nxa7 f5 46.Nc6 f4 47.a5 Ke2 
48.Ne5 1-0

[Event "HCL-C128"]
[Site "www.playchess.de"]
[Date "2000.11.30"]
[Round "10"]
[White "kldr"]
[Black "Mother_Teresa"]
[WhiteElo "1487"]
[BlackElo "1174"]
[PlyCount "45"]
[Result "1-0"]

1.d4 d5 2.Nf3 Nf6 3.e3 Bf5 4.c4 e6 5.Nc3 c5 6.cxd5 
exd5 7.Bb5+ Nc6 8.Ne5 Rc8 9.Qa4 Bd7 10.O-O Nxe5 
11.dxe5 Bxb5 12.Qxb5+ Nd7 13.Nxd5 b6 14.Bd2 Be7 
15.Bc3 O-O 16.Rad1 Kh8 17.Nxe7 Qxe7 18.Rxd7 Qe8 
19.Rfd1 Ra8 20.Qa4 a6 21.Qg4 b5 22.e6 f6 
23.Qxg7+ 1-0

[Event "HCL-E009"]
[Site "www.playchess.de"]
[Date "2000.11.30"]
[Round "4"]
[White "Radost"]
[Black "Gearloose"]
[WhiteElo "1949"]
[BlackElo "2013"]
[PlyCount "61"]
[Result "1/2-1/2"]

1.c4 e6 2.Nc3 Nf6 3.e4 d5 4.e5 d4 5.exf6 dxc3 
6.bxc3 Qxf6 7.d4 c5 8.Nf3 cxd4 9.Bg5 Qf5 10.cxd4 
Bb4+ 11.Bd2 Qa5 12.Bd3 Nc6 13.Rb1 Bxd2+ 14.Qxd2 
Qxd2+ 15.Kxd2 O-O 16.Kc3 Rb8 17.Rb2 Bd7 18.Rhb1 b6 
19.c5 bxc5 20.dxc5 Rxb2 21.Rxb2 Rc8 22.Rb7 Be8 
23.Be4 a6 24.Rb6 Nb8 25.Kd4 Bb5 26.Ne5 f6 27.Nd3 
e5+ 28.Ke3 Nd7 29.Rd6 Nxc5 30.Nxc5 Rxc5 
31.Rd8+ 1/2-1/2

[Event "HCL-E012"]
[Site "www.playchess.de"]
[Date "2000.11.30"]
[Round "16"]
[White "ajedrez"]
[Black "Aspidazzo"]
[WhiteElo "2349"]
[BlackElo "1822"]
[PlyCount "34"]
[Result "1/2-1/2"]

1.e4 d6 2.d4 Nf6 3.Nc3 e5 4.Nge2 Be7 5.g3 O-O 
6.Bg2 c5 7.dxc5 dxc5 8.O-O Qxd1 9.Rxd1 Nc6 10.Nd5 
Nxd5 11.exd5 Nd4 12.Nxd4 cxd4 13.c3 Bc5 14.b4 Bd6 
15.cxd4 exd4 16.Bb2 Bxb4 17.Rac1 
Bd6 1/2-1/2

[Event "ACL-A044"]
[Site "www.playchess.de"]
[Date "2000.11.30"]
[Round "26"]
[White "traga"]
[Black "player27"]
[WhiteElo "1500"]
[BlackElo "1557"]
[PlyCount "66"]
[Result "1/2-1/2"]

1.e4 e5 2.Nf3 Nc6 3.Nc3 Nf6 4.Bb5 Bb4 5.Nd5 Bc5 
6.Nxf6+ Qxf6 7.d3 h6 8.Be3 Nd4 9.c3 Nxb5 10.Bxc5 
d6 11.Be3 c5 12.O-O Qg6 13.a4 Nc7 14.b4 b6 15.bxc5 
bxc5 16.Rb1 O-O 17.Nh4 Qf6 18.Qh5 Ne6 19.Nf5 Nc7 
20.g4 Bxf5 21.Qxf5 Qxf5 22.gxf5 Rab8 23.f4 f6 
24.Kg2 Na6 25.Kf3 Rxb1 26.Rxb1 Rb8 27.Rb5 Kf7 
28.h4 Rxb5 29.axb5 Nc7 30.c4 h5 31.Bd2 Na8 32.Bc1 
Nb6 33.Kf2 Ke7 1/2-1/2

[Event "ACL-A051"]
[Site "www.playchess.de"]
[Date "2000.11.30"]
[Round "7"]
[White "BOB"]
[Black "Brrrr"]
[WhiteElo "1500"]
[BlackElo "1500"]
[PlyCount "53"]
[Result "1/2-1/2"]

1.d4 Nf6 2.c4 g6 3.Nc3 Bg7 4.e4 d6 5.f3 O-O 6.Be3 
Nc6 7.Qd2 a6 8.a3 Rb8 9.Bd3 e5 10.d5 Nd4 11.Bc2 
Nd7 12.Nge2 c5 13.O-O f5 14.Rae1 f4 15.Bf2 Qg5 
16.Kh1 b5 17.cxb5 axb5 18.b4 Ba6 19.Bd3 Rfc8 
20.Reb1 c4 21.Bc2 Qf6 22.Rbc1 Rba8 23.Rfd1 Nxc2 
24.Qxc2 h6 25.a4 bxa4 26.b5 Bb7 
27.Nxa4 1/2-1/2

[Event "ACL-A062"]
[Site "www.playchess.de"]
[Date "2000.11.30"]
[Round "33"]
[White "Bill"]
[Black "Yogibear"]
[WhiteElo "1763"]
[BlackElo "1749"]
[PlyCount "30"]
[Result "1/2-1/2"]

1.e4 c6 2.d4 d5 3.exd5 cxd5 4.c4 Nf6 5.Nc3 e6 
6.Nf3 Nc6 7.Bg5 Be7 8.c5 O-O 9.Bb5 a6 10.Bxc6 bxc6 
11.Ne5 Qc7 12.O-O Bxc5 13.Bxf6 gxf6 14.Qg4+ Kh8 
15.Qf4 fxe5 1/2-1/2

[Event "ACL-A062"]
[Site "www.playchess.de"]
[Date "2000.11.30"]
[Round "35"]
[White "Bill"]
[Black "player27"]
[WhiteElo "1763"]
[BlackElo "1638"]
[PlyCount "86"]
[Result "1/2-1/2"]

1.d4 Nf6 2.Nf3 e6 3.g3 b6 4.Bg2 Bb7 5.O-O Be7 
6.Nc3 d5 7.Ne5 Nbd7 8.Bf4 c5 9.e3 a6 10.Qe2 Qc8 
11.Bg5 h6 12.Nxd7 Qxd7 13.Bf4 Rc8 14.dxc5 Bxc5 
15.Be5 Rg8 16.Bxf6 gxf6 17.Qd3 f5 18.Ne2 b5 19.c3 
Be7 20.Rad1 Bf6 21.Rd2 Bh8 22.Rfd1 Rc7 23.a4 Ke7 
24.axb5 Qxb5 25.Qxb5 axb5 26.Nd4 Bxd4 27.R2xd4 e5 
28.Rh4 Rg6 29.Bxd5 Rd7 30.Bb3 Rxd1+ 31.Bxd1 Rd6 
32.Be2 Rd2 33.Kf1 Rxb2 34.Ke1 e4 35.Rxh6 Bd5 
36.Kf1 Be6 37.h4 Rb3 38.h5 Rxc3 39.Bxb5 Rc8 40.Rh7 
Kf6 41.Ba6 Rg8 42.Be2 Ke5 43.Bd1 
Kf6 1/2-1/2

[Event "ACL-A063"]
[Site "www.playchess.de"]
[Date "2000.11.30"]
[Round "15"]
[White "TheBoss"]
[Black "Tartan-Terror"]
[WhiteElo "1500"]
[BlackElo "1442"]
[PlyCount "25"]
[Result "1/2-1/2"]

1.e4 Nf6 2.e5 Nd5 3.g3 d6 4.d4 dxe5 5.dxe5 Bf5 
6.Bg2 Nb4 7.Qxd8+ Kxd8 8.Na3 N8c6 9.Bxc6 bxc6 
10.Kd1 e6 11.Be3 Nd5 12.Nc4 Be7 
13.Ne2 1/2-1/2

[Event "ACL-A066"]
[Site "www.playchess.de"]
[Date "2000.11.30"]
[Round "1"]
[White "Goofy"]
[Black "Alcoholic"]
[WhiteElo "1740"]
[BlackElo "1442"]
[PlyCount "69"]
[Result "1/2-1/2"]

1.d4 Nf6 2.c4 g6 3.Nc3 d5 4.cxd5 Nxd5 5.e4 Nxc3 
6.bxc3 Bg7 7.Bc4 c5 8.Ne2 O-O 9.O-O Nc6 10.Be3 
cxd4 11.cxd4 Bg4 12.f3 Na5 13.Bd3 Be6 14.Rc1 Bxa2 
15.Qa4 Bb3 16.Qb4 b6 17.Rc3 Be6 18.Ba6 Qd6 19.Qxd6 
exd6 20.Rc7 Bc8 21.Bd3 a6 22.Rb1 b5 23.Ra1 Nc4 
24.Bxc4 bxc4 25.Bf4 d5 26.exd5 Bf5 27.Be5 Bd3 
28.Nc3 f6 29.Bg3 Bh6 30.Re7 Bd2 31.Be1 Rf7 32.d6 
Bxe1 33.Raxe1 Rd8 34.R1e6 Bf5 35.Rxf7 1/2-1/2

[Event "ACL-E005"]
[Site "www.playchess.de"]
[Date "2000.11.30"]
[Round "6"]
[White "Gearloose"]
[Black "archeo"]
[WhiteElo "1887"]
[BlackElo "2034"]
[PlyCount "32"]
[Result "0-1"]

1.e4 c5 2.Nc3 d6 3.Bc4 Nf6 4.d3 g6 5.Nge2 Bg7 6.a3 
O-O 7.O-O Nc6 8.h3 a6 9.Be3 b5 10.Ba2 Qc7 11.Qd2 
Bb7 12.f4 e6 13.g4 Ne7 14.Ng3 d5 15.Bf2 dxe4 
16.dxe4 b4 0-1

[Event "ACL-E005"]
[Site "www.playchess.de"]
[Date "2000.11.30"]
[Round "9"]
[White "peze"]
[Black "Gearloose"]
[WhiteElo "1888"]
[BlackElo "1887"]
[PlyCount "41"]
[Result "1-0"]

1.e4 e6 2.d4 d5 3.Nc3 Bb4 4.e5 c5 5.a3 Ba5 6.b4 
cxd4 7.Qg4 Ne7 8.bxa5 dxc3 9.Qxg7 Rg8 10.Qxh7 Nbc6 
11.Nf3 Qc7 12.Bf4 Bd7 13.a6 O-O-O 14.axb7+ Kb8 
15.Rb1 Ng6 16.Bg3 Rdf8 17.Qh6 Nce7 18.Nd4 Nxe5 
19.Bb5 N7g6 20.Bxd7 Qxd7 21.Qxg6 1-0